| 000 | 00754nam a2200205 a 4500 | ||
|---|---|---|---|
| 001 | 3605 | ||
| 003 | CDMR | ||
| 005 | 20131105125338.0 | ||
| 008 | 130130s1970||||||||||||||||||||||||||||d | ||
| 040 |
_aCDMR _bcat _cCDMR |
||
| 100 | 1 |
_aChilcote, Ronald Harry _92572 |
|
| 245 | 1 | 4 |
_aHispanic American Report _b: the press in Latin America, Spain, and Portugal : a summary of recent developments _cRonald H. Chilcote, Standford University |
| 260 |
_aStandford _c1970 _bThe California Institute of International Studies |
||
| 300 | _a[48] p. | ||
| 490 | 0 | _aSpecial Monographs (California Institute of International Studies) | |
| 650 | 0 | 4 |
_93505 _aPremsa _zAmèrica Llatina |
| 650 | 0 | 4 |
_92742 _aPremsa _zEspanya |
| 650 | 0 | 4 |
_93747 _aPremsa _zPortugal |
| 942 |
_cMON _2udc |
||
| 999 |
_c3605 _d3605 |
||